| 000 | 00645nam a22001937a 4500 | ||
|---|---|---|---|
| 005 | 20180417103912.0 | ||
| 010 | _aENG-122594 | ||
| 020 |
_a9789386602848 _c1100.00 |
||
| 035 | _aEN-106126 | ||
| 037 | _bDBAD/PUB | ||
| 082 | _a330.951 | ||
| 100 | _aMohanty, Manoranjan | ||
| 245 |
_aChina's transformation : _cby Manoranjan Mohanty _bthe success story and the success trap / |
||
| 260 |
_aNew Delhi _bSage Publications _c2018 |
||
| 270 |
_aB-1/I-1, Mohan Cooperative Industrial Area, Mathura Road, _bNew Delhi _e110044 |
||
| 300 |
_a376p. _c22cm.(Hb) _bill. |
||
| 500 | _aIt include index | ||
| 942 |
_2ddc _cEN _mMOH _h330.951 |
||
| 999 |
_c151276 _d151276 |
||